<?xml version="1.0" encoding="UTF-8"?>
<collection xmlns="http://www.loc.gov/MARC21/slim">
  <record>
    <leader>00000nam  2200000   4500</leader>
    <controlfield tag="001">INLIS000000000002924</controlfield>
    <controlfield tag="005">20180724150957</controlfield>
    <controlfield tag="008">180724|||||||||   |   |||   |||| ||   | </controlfield>
    <datafield tag="020" ind1=" " ind2=" ">
      <subfield code="a">9798336070</subfield>
    </datafield>
    <datafield tag="035" ind1=" " ind2=" ">
      <subfield code="0">010-0718002924</subfield>
    </datafield>
    <datafield tag="041" ind1=" " ind2=" ">
      <subfield code="a">id</subfield>
    </datafield>
    <datafield tag="082" ind1=" " ind2=" ">
      <subfield code="a">352.34</subfield>
    </datafield>
    <datafield tag="090" ind1=" " ind2=" ">
      <subfield code="a">352.34 Mul p</subfield>
    </datafield>
    <datafield tag="100" ind1=" " ind2=" ">
      <subfield code="a">Muljana, B.S.</subfield>
    </datafield>
    <datafield tag="245" ind1=" " ind2=" ">
      <subfield code="a">Perencanaan Pembangunan Nasional: proses penyusunan rencana pembangunan nasional dengan fokus Repelita V</subfield>
    </datafield>
    <datafield tag="250" ind1=" " ind2=" ">
      <subfield code="a">Ed. 1</subfield>
    </datafield>
    <datafield tag="260" ind1=" " ind2=" ">
      <subfield code="a">Jakarta</subfield>
      <subfield code="b">Center for Policy and Implementation Studies (CPIS)</subfield>
      <subfield code="c">1995</subfield>
    </datafield>
    <datafield tag="300" ind1=" " ind2=" ">
      <subfield code="a">xiv; 353 hlm.; 23 cm</subfield>
    </datafield>
    <datafield tag="500" ind1=" " ind2=" ">
      <subfield code="a">Buku ini mempunyai tujuan untuk memberikan sumbangan dalam usaha menambah pengetahuan para pembaca mengenai perencanaan pembangunan nasional di negara kita, khususnya Repelita V. Diharapkan sumbangan tersebut bermanfaat bagi kalangan luas, termasuk kalangan mahasiswa pejabat pemerintahan, anggota DPR, dan wartawan, serta memberikan gambaran bagi yang belum mengenal Repelita V, yang merupakan output dari proses kegiatan-kegiatan perencanaan yang mendahuluinya.</subfield>
    </datafield>
    <datafield tag="650" ind1=" " ind2=" ">
      <subfield code="a">Perencanaan Pembangunan</subfield>
    </datafield>
  </record>
</collection>
